Общие рудогенетические модели эндогенных месторождений

Detaylı Bibliyografya
Yazar: Синяков В. И. Владимир Иванович
Müşterek Yazar: Академия наук СССР Сибирское отделение Институт геологии и геофизики
Diğer Yazarlar: Кузнецов В. А. (редактор)
Özet:В монографии изложены современные представления о геологических и физико-химических условиях формирования основных групп эндогенных месторождений полезных ископаемых. Определены границы отдельных групп, даны их типоморфные особенности, рассмотрены геолого-генетические модели, объясняющие размещение и строение месторождений. Особое внимание уделено вопросу конвергентности месторождений. Для каждой модели, после ее краткой формулировки и рассмотрения сущности, даны граничные условия ее применимости. При анализе процессов рудогенеза широко используется системный подход. Оригинальные схемы и рисунки поясняют существо вопросов. Книга предназначена для специалистов в области эндогенного рудообразования, геохимии и металлогении, студентов старших курсов и аспирантов.
Dil:Rusça
Baskı/Yayın Bilgisi: Новосибирск, Наука, 1986
Seri Bilgileri:Труды института геологии и геофизики Вып. 652
Konular:
Materyal Türü: MixedMaterials Kitap
KOHA link:https://koha.lib.tpu.ru/cgi-bin/koha/opac-detail.pl?biblionumber=160124

MARC

LEADER 00000nam0a2200000 4500
001 160124
005 20231101222150.0
020 |a RU  |b 86-46071ж 
035 |a (RuTPU)RU\TPU\book\173654 
090 |a 160124 
100 |a 20090519a1986 k y0rusy5003 ca 
101 0 |a rus 
102 |a RU 
105 |a a z 001zy 
200 1 |a Общие рудогенетические модели эндогенных месторождений  |f В. И. Синяков  |g Институт геологии и геофизики СО АН СССР ; отв. ред. В. А. Кузнецов 
210 |a Новосибирск  |c Наука  |d 1986 
215 |a 243 с.  |c ил. 
225 1 |a Труды института геологии и геофизики  |v Вып. 652 
316 |5 63413507: КР-7592  |a На титульном листе дарственная надпись: "Многоуважаемому Леониду Петровичу Рихванову от автора 9.VI.88" 
316 |5 63413507: КР-7592  |a На форзаце владельческая подпись: «Л. Рихванов» 
317 |5 63413507: КР-7592  |a Поступил в НТБ в 2021 г. в дар от семьи профессора ТПУ Л. П. Рихванова 
320 |a Библиогр.: с. 233-242 
330 |a В монографии изложены современные представления о геологических и физико-химических условиях формирования основных групп эндогенных месторождений полезных ископаемых. Определены границы отдельных групп, даны их типоморфные особенности, рассмотрены геолого-генетические модели, объясняющие размещение и строение месторождений. Особое внимание уделено вопросу конвергентности месторождений. Для каждой модели, после ее краткой формулировки и рассмотрения сущности, даны граничные условия ее применимости. При анализе процессов рудогенеза широко используется системный подход. Оригинальные схемы и рисунки поясняют существо вопросов. Книга предназначена для специалистов в области эндогенного рудообразования, геохимии и металлогении, студентов старших курсов и аспирантов. 
606 1 |a Рудообразование эндогенное  |2 stltpush  |3 (RuTPU)RU\TPU\subj\26052  |9 50067 
610 1 |a месторождения 
610 1 |a рудообразование 
610 1 |a конвергентность 
610 1 |a рудогенез 
610 1 |a типоморфные особенности 
610 1 |a геолого-генетические модели 
610 1 |a моделирование 
610 1 |a Библиотека Л. П. Рихванова 
610 1 |a дары библиотеке 
610 1 |a дары автора 
610 1 |a дарственные надписи 
610 1 |a владельческие подписи 
675 |a 553.062  |v 3 
700 1 |a Синяков  |b В. И.  |g Владимир Иванович 
702 1 |a Кузнецов  |b В. А.  |4 340 
712 0 2 |a Академия наук СССР  |b Сибирское отделение  |b Институт геологии и геофизики  |c (Новосибирск)  |2 stltpush  |3 (RuTPU)RU\TPU\col\128 
801 0 |a RU  |b RuMRKP  |c 19950704  |g psbo 
801 1 |a RU  |b 63413507  |c 20090519  |g PSBO 
801 2 |a RU  |b 63413507  |c 20220601  |g PSBO 
942 |c BK